Top 10 des pays qui ont le plus d'îles - Statistiques

Statistiques générales
  • Ce quiz a été pris 177 fois
  • Le résultat moyen est 7 sur 10
Statistiques - réponses
Nombre d'îles Pays % Correct
18 617 États-Unis
91%
52 455 Canada
87%
17 504 Indonésie
87%
239 057 Norvège
75%
267 570 Suède
73%
8 222 Australie
72%
7 641 Philippines
70%
6 961 Chine
68%
178 947 Finlande
68%
43 471 Chili
43%
Aucun quiz correspondant
Distribution des résultats
% des personnes avec chaque résultat
Percentile par nombre de réponses
Votre historique - résultats
Vous n’avez pas pris ce quiz